Linia sukcesji do brytyjskiego tronu - Statystyki

Ogólne statystyki
  • Ten quiz został rozwiązany 20 razy
    19 od ostatniego zresetowania
  • Średni wynik to 9 z 50
Statystyki odpowiedzi
Lp. Imię % Poprawnych
1 Wilhelm, książę Walii
79%
5 Henryk, książę Sussexu
71%
2 Jerzy z Walii
57%
8 Andrzej, książę Yorku
50%
17 Anna, księżniczka królewska
50%
3 Karolina z Walii
50%
4 Ludwik z Walii
50%
9 Beatrycze z Yorku
43%
14 Edward, książę Edynburga
36%
41 Edward, książę Kentu
36%
16 Ludwika Windsor
36%
6 Archie
29%
42 George Windsor, hrabia St Andrews
29%
46 Louis Windsor
29%
11 Eugenia z Yorku
21%
20 Isla Elizabeth Phillips
21%
15 Jakub, wicehrabia Severn
21%
23 Lena Elizabeth Tindall
21%
18 Peter Phillips
21%
25 David Armstrong-Jones, 2. hrabia Snowdon
14%
7 Lilibet
14%
24 Lucas Philip Tindall
14%
22 Mia Grace Tindall
14%
10 Sienna Elizabeth Mapelli-Mozzi
14%
21 Zara Tindall
14%
44 Albert Windsor
7%
43 Amelia Windsor
7%
12 August Brooksbank
7%
26 Charles Armstrong-Jones, wicehrabia Linley
7%
13 Ernest Booksbank
7%
28 Sarah Chatto
7%
19 Savannah Phillips
7%
32 Alexander, hrabia Ulsteru
0%
30 Arthur Chatto
0%
49 Cassius Taylor
0%
48 Columbus Taylor
0%
34 Cosima Windsor
0%
35 Davina Lewis
0%
50 Eloise Taylor
0%
47 Helen Taylor
0%
45 Leopold Windsor
0%
39 Lyla Gilman
0%
27 Margarita Armstrong-Jones
0%
38 Rose Gilman
0%
40 Rufus Gilman
0%
31 Ryszard, książę Gloucester
0%
29 Samuel Chatto
0%
36 Senna Lewis
0%
37 Tāne Lewis
0%
33 Xan Windsor
0%
Nie znaleziono quizów pasujących do podanych kryteriów
Rozkład punktacji
Procent ludzi z każdym wynikiem
Percentyl według liczby udzielonych odpowiedzi
Twoja historia wyników
Nie rozwiązałeś tego quizu od ostatniego zresetowania